LEADER 00805nam0-22002891i-450- 001 990006494810403321 005 20001010 035 $a000649481 035 $aFED01000649481 035 $a(Aleph)000649481FED01 035 $a000649481 100 $a20001010d--------km-y0itay50------ba 101 0 $aita 105 $ay-------001yy 200 1 $aSuffer the Future$ePolicy Choices in Southern Africa$fRobert I. Rotberg 210 $aCambridge$cHarvard University Press$d1980. 215 $aXVI, 311 p.$d22 cm 676 $a320.968 700 1$aRotberg,$bRobert I.$f<1935- >$033445 801 0$aIT$bUNINA$gRICA$2UNIMARC 901 $aBK 912 $a990006494810403321 952 $aXIV E 2053$b20891$fFSPBC 959 $aFSPBC 996 $aSuffer the Future$9654500 997 $aUNINA DB $aGEN01 LEADER 00886nam0-22003251--450- 001 990008618500403321 005 20080218105339.0 020 $aIT$b819010 035 $a000861850 035 $aFED01000861850 035 $a(Aleph)000861850FED01 035 $a000861850 100 $a20080218d1979----km-y0itay50------ba 101 0 $aita 102 $aIT 105 $ay-------001yy 200 1 $aBaroni e burocrati$eceto accademico italiano$fPier Paolo Giglioli 210 $aBologna$cIl mulino$d1979 215 $a232 p.$d22 cm 225 1 $aStudi e ricerche$v104 676 $a378$v18$zita 676 $a378.120945$v19$zita 700 1$aGiglioli,$bPier Paolo$f<1939- >$0119286 801 0$aIT$bUNINA$gRICA$2UNIMARC 901 $aBK 912 $a990008618500403321 952 $aSDI-KS 484$b1152$fSDI 959 $aSDI 996 $aBaroni e burocrati$9173274 997 $aUNINA LEADER 01186nas 2200373-a 450 001 9910301595003321 005 20240413024116.0 011 $a2503-6491 035 $a(CKB)110992357278706 035 $a(CONSER)sn-85014200- 035 $a(EXLCZ)99110992357278706 100 $a20770620b19771983 -a- b 101 0 $afre 200 00$aAnnuaire du Bureau des longitudes$iEphémérides 210 $a[Paris]$cGauthier-Villars$dc1976- 215 $a1 online resource 311 08$aPrint version: Annuaire du Bureau des longitudes. 0151-0096 (DLC)sn 85014200 (OCoLC)3054138 517 3 $aEphémérides 606 $aEphemerides$vPeriodicals 606 $aAstronomie$vPériodiques 606 $aEphemerides$2fast$3(OCoLC)fst00913680 608 $aEphemerides.$2fast 608 $aEphemerides.$2lcgft 608 $aPeriodicals.$2fast 615 0$aEphemerides 615 6$aAstronomie 615 7$aEphemerides. 712 02$aFrance.$bBureau des longitudes. 712 02$aSocie?te? astronomique de France. 906 $aJOURNAL 912 $a9910301595003321 920 $aexl_impl conversion 996 $aAnnuaire ... du Bureau des Longitudes$91211782 997 $aUNINA